000 00500nam a2200181Ia 4500
003 GCL
008 140319s9999 xx 000 0 ara d
040 _aGCL /
_cGCL
082 0 4 _a398.20
_bع ا
100 1 _aعبدالستار احمد فراج
245 1 0 _aاخبار جحا /
_cعبدالستار احمد فراج
260 _a[S.N] :
_bمكتبة مصر
300 _a175 ص
490 _a
650 0 4 _aالادب الشعبى
650 0 4 _aالقصص الشعبية
942 _2ddc
_cBK
999 _c35331
_d35331